00889 2200313 4500001002100000005001500021035002000036007000300056040001600059100003500075245009100110250001300201300003800214020002200252041000800274082001000282090002100292264003000313336002100343337003000364338002300394650001200417850001000429008004100439504002900480084001600509500002800525990002200553INLIS00000000000447220260525123831 a0010-0122000104ta aSBUPADbind0 aAliansyah JumbawuyaePengarang1 aPiawai Menulis :brahasia agar tulisan anda merajai media massa /cAliansyah Jumbawuya a.-cet. 2 ax, 180 hal. :billus. ;c14x20 cm a978-602-1285-29-9 aind a070.5 a070.5 RON b 1-20 bPenakita Publisher,c2017 2rdacontentaTeks 2rdamediaaTanpa Perantara 2rdacarrieravolume 4amenulis aPUPAD260525 0  abibliografi, 177-178 hlm a070.5 ALI p aprofil penulis, 179 hlm a30.272/B/DPK/2018